000
00276nam a22001217a 4500
003
OSt
005
20260210122232.0
008
260210b |||||||| |||| 00| 0 eng d
040
_c
XAPKIB
082
_a
610.76
_b
TAH
245
_a
Study Guide to Basic Pharmacology
942
_2
ddc
_c
BK
999
_c
4148
_d
4148